Quizzes
Events
Quiz Creation
Community
Videos
Private Events
Remove Ads
Sign In
Join for FREE
Feedback
Dark Mode
Quiz Categories
Sports
Geography
Music
Movies
Television
Just For Fun
Miscellaneous
History
Literature
Language
Science
Gaming
Entertainment
Religion
Holiday
For Kids
Quiz Lab
Recent
Popular Today
Quiz Kudos Today
Editor Picks
Curator Picks
Quizzes by...
Day
Popularity
Type
Ratings
Length
Year
Community
Subscriptions
Recent Discussions
Orange Saloon
Badges
Playlists
Quests
Create
Leaderboards
Showdown
Live 5
Trivia Bingo
Activity
Puzzle Library
Sporcle Events
Private Events
Virtual Trivia
Globe League
Become a Host
Pub Owners
SporcleCon
Opinionation
Our Games
Videos
Blog
Mobile Apps
Partnerships
Remove Ads and Go Orange
Feedback
Music
Pop Music
The Beatles
Song
Album
Lyrics
Bands
Singers
Artist
Clip
Rock
Rap
Classical
Billboard
Country Music
Kpop
Taylor Swift
Music
Pop Music
The Beatles
Song
Album
Lyrics
Bands
Singers
Artist
Clip
Rock
Rap
Classical
Billboard
Country Music
Kpop
Taylor Swift
Random Quiz
Search Sporcle
×
Quiz Lab
Quiz Lab
Music
Song
Type in answers that appear in a list
Type in answers that appear in a list
Classic
Best Score? Go Orange.
Carrie Underwood Fill-in-the-blank Stats
Can you name the Carrie Underwood Songs?
By
dinakinz
6m
35 Questions
418 Plays
418 Plays
418 Plays
Comments
Comments
Give Quiz Kudos
Give Quiz Kudos
-
- Ratings
hide this ad
Forced Order
Answers have to be entered in order
Answers have to be entered in order
Replay
Link that replays current quiz
Next Quiz
Link to next quiz in quiz playlist
You Got
0%
They Got
Avg Score
46%
Avg Friend Score
Upgrade to see
Score Distribution
Jump to the score distribution portion of the page
Score
0/35
Timer
06:00
0
Plays Today
Lyric
Song
% Correct
And I don't even know his _
_
_
_
_
_
_
my mama would be so ashamed
Last Name
94.5%
I don't wanna spend my life jaded waiting to wake up one day and find that I've let all these years go by _
_
_
_
_
_
_
Wasted
89%
I took a Louisville slugger to both headlights, slashed a hole in all 4 tires... Maybe next time he'll think _
_
_
_
_
_
_
_
_
.
Before He Cheats
77%
You stole my happy, you made me cry took the lonely and took me for a ride and I wanna uh-
uh-
uh-
uh-
uh-
_
_
_
_
_
_
_
Undo it
69.9%
This is my _
_
_
_
_
_
_
_
_
_
_
_
_
, it's not where I belong windows and rooms that I'm passing through
Temporary Home
68.4%
You're just a fool, just a fool to believe you can _
_
_
_
_
_
_
the world
Change
68.2%
And his heart belongs to that sweet, little, beautiful, wonderful, perfect _
_
_
_
_
_
_
_
_
_
_
_
All American Girl
67.5%
He’s a good time _
_
_
_
_
_
_
_
_
_
_
_
leaning up against the record machine
Cowboy Casanova
66.7%
Everybody's saying, he's not coming home now this can't be happening to me _
_
_
_
_
_
_
_
_
_
_
_
Just a Dream
65.3%
_
_
_
_
_
_
_
_
_
_
_
_
take it from my hands cause I can't do this on my own
Jesus Take the Wheel
64.1%
Mama, you taught me to do the right things so, now you have to let your baby fly.
Mama's Song
61.7%
When you figure out love is all that matters after all it sure makes everything else seem _
_
_
_
_
_
_
_
_
_
_
So Small
60.3%
Some pages turned, some bridges burned, but there were _
_
_
_
_
_
_
_
_
_
.
Lessons Learned
51.7%
And if it wasn't for guys like you there wouldn't be _
_
_
_
_
_
_
_
_
_
Songs Like This
50%
I close my eyes and I kiss that frog, each time finding _
_
_
_
_
_
_
_
_
_
the more I love my dog
The More Boys I Meet
47.4%
Just one more thing before you leave _
_
_
_
_
_
_
_
_
_
_
_
_
Don't Forget to Remember Me
44.3%
I told you someday you'd come crawling back and asking me to take you in _
_
_
_
_
_
_
_
_
I Told You So
44%
Cause I'm _
_
_
_
_
_
_
_
_
_
_
with my head down low, where the sky can't rain on me anymore
Flat on the Floor
42.1%
Lyric
Song
% Correct
I wanna be _
_
_
_
_
_
_
_
_
_
_
_
_
_
take me to the place you cry from
Inside Your Heaven
41.4%
_
_
_
_
_
_
_
_
_
_
_
they just get all the right breaks...
Some Hearts
38.5%
You say you're coming home, but I know you, you say you'll call, but _
_
_
_
_
_
_
_
_
_
I Know You Won't
37.3%
In a midnight talk, in a morning kiss, when I'm in your arms, _
_
_
_
_
_
_
_
_
_
_
_
That's Where It Is
36.4%
I'd rather be tipping cows in Tulsa than hailing cabs here in New York, but _
_
_
_
_
_
_
_
_
_
_
_
_
.
I Ain't in Checotah Anymore
36.4%
It's the _
_
_
_
_
_
_
_
_
_
_
turning around
Wheel of the World
35.9%
I _
_
_
_
_
_
_
_
_
_
, I meant every word won't take back the way I feel about you
Unapologize
35.6%
But it's been so long, it's never easy it's like trying to spin the world the other way _
_
_
_
_
_
_
_
?
What Can I Say
34.7%
It's sad, but sometimes moving on with the rest of your life, _
_
_
_
_
_
_
_
_
.
Starts with Goodbye
31.6%
And make me feel like I never ever wanna give you up, 'til now, I've always been a _
_
_
_
_
_
_
Quitter
31.3%
I promise not to miss you now and try to hide the truth inside I'd fail cause I, _
_
_
_
_
_
_
_
_
_
_
_
_
_
I Just Can't Live a Lie
23.2%
It'll break my heart but I'll get through _
_
_
_
_
_
_
_
_
_
_
_
_
_
Someday When I Stop Loving You
20.3%
In the end close is all there is but _
_
_
_
_
_
_
_
_
_
_
You Won't Find This
19.1%
A world where you and I belong where faith and love will keep us strong exactly who we are is just enough _
_
_
_
_
_
_
_
_
There's a Place for Us
18.7%
Even when you're not sure where you're going, swimming through a mess and you can't get out, just going through the motions, trying not to drown _
_
_
_
_
_
_
_
_
Play On
18.4%
_
_
_
_
_
_
_
_
_
If we just don't get it our own way
Ever Ever After
13.2%
Sometimes you stick around trying to change them, make them someone that they'll never be and _
_
_
_
_
_
_
_
_
_
_
Sometimes You Leave
12.2%
Quiz Playlist
Details
Report
Send in Message
Add To Playlist
Classic:
Type in answers that appear in a list
Forced Order:
Answers have to be entered in order
Last Updated: Feb 16, 2017
Quiz Scoreboard
CHALLENGE
Sign Up to Join the Scoreboard
Show All
Scores
Hide
Comments
May contain spoilers
Recently Published
9x9 Crossword: Cartoon Network
by jackfrog10
Miscellaneous
3m
College Basketball Coaching Resumes
by pancakes188
Sports
9m
Billboard Blitz: Fleetwood Mac
by CooCooCachoo
Music
15s
More to Explore
Quiz From the Vault
Featured Blog Post
Where Did the Easter Bunny Come From?
hide this ad
You Might Also Like...
Tags
Song Quiz
carrie
Carrie Underwood
fill-in-the-blank
Today's Top Quizzes in Music
Browse Music
hide this ad
Today's Top Quizzes in Song
Browse Song
Top Contributed Quizzes in Music
1
Taylor Swift All Songs (2024)
2
Guess the Artist- 70s Songs
3
7-to-1: Billboard Hot 100 #1 Hits of 2010s
4
Sorting Albums and Songs
5
Taylor Swift Logic Puzzle
6
KPOP LOGIC QUIZ
7
Guess the Taylor Swift song (Mystery Song)
8
Guess The Taylor Swift Lyrics Song #1
9
Billboard Blitz: ABBA
10
One Thing in Common: Music
Explore More
Trending Topics
NBA
Harry Potter
Anime
Disney
Marvel
Crossword
Kpop
Song
WWE
Pokémon
The Office
Puzzle
NFL
Soccer
Country
hide this ad
More By:
dinakinz
Quiz
Plays
Rating
Category
Featured
Created
Carrie Underwood Fill-in-the-blank
418
5.00
Music
Dec 9, 2011
Go to Creator's Profile
Score Distribution
Quiz Creator Spotlight
dinakinz
Follow
Send a Message
Quizzes Created
-
Created Quiz Play Count
-
More By This Creator
Popular Quizzes Today
1
Find the US States - No Outlines Minefield
2
Find the Countries of Europe - No Outlines Minefield
3
The Countries of the World
4
Find the US States
5
Risky Map Clicking: Biggest States A-Z
6
US States
7
Popular People in 1961
8
Movies - When Are They Set?
More Music Quizzes
BTS Music Videos (Jin Version)
Quiz Lab
Trending Quizzes
Risky Map Clicking: Least Populous States A-Z
1-10 Letter G Words
1-10 Letter F Words
Risky Map Clicking: Next State Alphabetically
Adjectives in 80s TV Shows
Recently Updated
Leaping Animals
pecheneg
Reality TV Shows (A-Z)
bhenderson79
Rickey Henderson's Hall of Fame Teammates
pecheneg
Champions League XIs: Arsenal
pecheneg
Quick Pick: Celebrities in WWE's Hall of Fame
aduchscher
A-Z Keypad Blitz II
pecheneg
Multiple Oscar Actors
pecheneg
Mystery Phrase Blitz: Oscar 'Best Actors'
pecheneg
F. Scott Fitzgerald Novels
LTH
Pick 3 Villains
ddd62291
Trending Topics
Disney
Marvel
Kpop
NBA
Harry Potter
Anime
Crossword
Song
Pokémon
Country
The Office
Puzzle
Soccer
WWE
NFL
Your Account Isn't Verified!
In order to create a playlist on Sporcle, you need to verify the email address you used during registration. Go to your
Sporcle Settings
to finish the process.
Report this User
Report this user for behavior that violates our
Community Guidelines
.
Details:
Send Report
Go to the Sporcle.com Mobile Site →
Comments